Top 10 des métiers de rêve des enfants - Statistiques

Statistiques générales
  • Ce quiz a été pris 1 084 fois
  • Le résultat moyen est 5 sur 10
Statistiques - réponses
Classement Réponse % Correct
5 Pompier
83%
10 Policier
81%
4 Médecin
79%
7 Sportif professionnel
56%
2 Astronaute
54%
1 Vétérinaire
51%
8 Musicien
46%
3 Pilote de ligne
33%
9 Chef cuisinier
25%
6 Ingénieur
10%
Aucun quiz correspondant
Distribution des résultats
% des personnes avec chaque résultat
Percentile par nombre de réponses
Votre historique - résultats
Vous n’avez pas pris ce quiz